000 00709nam a2200253Ia 4500
003 OSt
005 20221005041733.0
006 a|||||r|||| 00| 0
007 ta
008 221004b |||||||| |||| 00| 0 guj d
024 _a47423
037 _cTextual
040 _aCRL
_cCRL
_bguj
041 _2guj
_aguj
082 _aO156,1M33w, 31M6
100 _aSundaram K.S. Tr.
_9589948
245 0 _aNarmadhashankar
260 _aDelhi
_bSahitya Akademi India
_c1986
300 _a106
_ccm.
650 _aGUJRATI LITERATURE
700 _a Broker Gulabdas Au.
_9589949
942 _hO156,1M33w, 31M6
_cTEXL
_2cc
999 _c949001
_d949001